| 000 | 01530nam2a2200253 4500 | ||
|---|---|---|---|
| 001 | RU\NLR\BIBL_A\011365361 | ||
| 005 | 20250626053010.0 | ||
| 035 | _a(NLR Aleph) 011365361 | ||
| 090 |
_a11321599 _c11321599 |
||
| 100 | _a20170411d2016 |||y0rusy50 ca | ||
| 101 | 0 | _arus | |
| 102 | _aRU | ||
| 200 | 1 |
_aВсе работы хороши, выбирай! _eпрограмма внеурочной деятельности и методические материалы по профориентированию в начальной школе |
|
| 210 |
_d2016 _aБ. м. |
||
| 461 | 0 |
_1001RU\NLR\Per\1008901 _12001#$aБюллетень. Региональный опыт развития воспитания и дополнительного образования детей и молодежи$v2016, № 6 (48) _910428943 _cМосква _d2013 - _n[б. и.] _tБюллетень. Региональный опыт развития воспитания и дополнительного образования детей и молодежи _v2016, № 6 (48) |
|
| 606 | 1 |
_aНачальные школы _jСборники _xВнеклассная работа _92360558 _3RU\NLR\AUTH\661409645 |
|
| 606 | 1 |
_aДети младшего школьного возраста _jСборники _xПрофессиональная ориентация _92565690 _3RU\NLR\AUTH\661517461 |
|
| 686 | 1 | _aЧ421.38,01я43 | |
| 686 | 1 | _aЧ421.202.5,01я43 | |
| 852 |
_aNLR _jП29/1842 |
||
| 942 | _cISSUE | ||
| 980 | _aNB | ||
| 980 | _aRUSPER | ||